| 000 | 00771nam a22002057a 4500 | ||
|---|---|---|---|
| 003 | BD-DhUL | ||
| 005 | 20201124125818.0 | ||
| 008 | 201115s2020 bg a|||| |||| 00| 0 ben | ||
| 020 | _a9789849048015 (hbk) | ||
| 040 |
_aBD-DhUL _cBD-DhUL |
||
| 082 |
_a891.443087 _bRIL |
||
| 100 | 1 | _aরিয়াজ, আহমেদ | |
| 245 | 0 | 0 |
_aলাহোর টু গোপালগঞ্জ / _cআহমেদ রিয়াজ |
| 260 |
_aঢাকা : _bইত্যাদি গ্রন্থ, _c২০২০। |
||
| 300 |
_a১১০ পৃ. : _bসন্মুখ চিত্র : চিত্র. ; _c২২ সেমি |
||
| 365 |
_aBDT _b200.00 |
||
| 650 | 4 | _aবাংলা উপন্যাস। | |
| 650 | 4 | _aBengali fiction. | |
| 942 |
_2ddc _cBK |
||
| 999 |
_c252302 _d252302 |
||